| 000 | 00647nam a2200241Ia 4500 | ||
|---|---|---|---|
| 003 | OSt | ||
| 005 | 20221007104633.0 | ||
| 006 | a|||||r|||| 00| 0 | ||
| 007 | ta | ||
| 008 | 221006b |||||||| |||| 00| 0 eng d | ||
| 024 | _a16,427 | ||
| 037 | _cTextual | ||
| 040 |
_aLCO _cLCO _beng |
||
| 041 |
_2eng _aeng |
||
| 082 | _aZ3,91, L8 | ||
| 100 |
_aMoore Sally Falk _9153234 |
||
| 245 | 0 |
_aLaw as Process _b Anthropological Approach |
|
| 260 |
_aLondon. _bRoutledge & Kegan Paul UK _c1978 |
||
| 300 | _a270 | ||
| 650 |
_aLAW PROCESS _9706177 |
||
| 942 |
_hZ3,91, L8 _cTEXL |
||
| 999 |
_c1185990 _d1185990 |
||